ՀՀ Գիտությունների ազգային ակադեմիայի հիմնարար գիտական գրադարան  =   Fundamental Scientific Library of NAS RA

Անիի հազարամյա փառքը : (Record no. 147459)

MARC details
000 -LEADER
fixed length control field 01488nam a2200313 a 4500
001 - CONTROL NUMBER
control field 000387914
003 - CONTROL NUMBER IDENTIFIER
control field AM-YeHGA
005 - DATE AND TIME OF LATEST TRANSACTION
control field 20250618072329.0
008 - FIXED-LENGTH DATA ELEMENTS--GENERAL INFORMATION
fixed length control field 041126s2002 ai 000 | arm d
020 ## - INTERNATIONAL STANDARD BOOK NUMBER
International Standard Book Number 9993094919
040 ## - CATALOGING SOURCE
Original cataloging agency AM-YeHGA
041 0# - LANGUAGE CODE
Language code of text/sound track or separate title arm
041 0# - LANGUAGE CODE
Language code of text/sound track or separate title eng
090 ## - LOCALLY ASSIGNED LC-TYPE CALL NUMBER (OCLC); LOCAL CALL NUMBER (RLIN)
-- 148846
245 00 - TITLE STATEMENT
Title Անիի հազարամյա փառքը :
Remainder of title Անիի Մայր տաճարի օծման 1000-ամյակը : [Գիտաժողովի նյութեր] /
Statement of responsibility, etc. Կազմ.՝ Մ.արք. Աշճյան; Ձևավ.՝ Վ. Դալլաքյան.
246 15 - VARYING FORM OF TITLE
Title proper/short title The glory of Ani :
Remainder of title The millenium celebration of the cathedran of Ani
260 ## - PUBLICATION, DISTRIBUTION, ETC.
Place of publication, distribution, etc. Երևան :
Name of publisher, distributor, etc. Մուղնի,
Date of publication, distribution, etc. 2002.
300 ## - PHYSICAL DESCRIPTION
Extent 72 էջ :
Other physical details լուսանկ. ;
Dimensions 20 սմ.
500 ## - GENERAL NOTE
General note Նվիրվում է Անիի մայր տաճարի օծման 1000-ամյակին
504 ## - BIBLIOGRAPHY, ETC. NOTE
Bibliography, etc. note Գրակ. և հոդված. ցանկ. հայ. ռուս. և անգլ. լեզուներով, էջ՝ 48-50
546 ## - LANGUAGE NOTE
Language note Տեքստը հայ. և անգլ. լեզուներով
650 14 - SUBJECT ADDED ENTRY--TOPICAL TERM
Topical term or geographic name entry element Հայոց պատմություն
Geographic subdivision Անի
650 14 - SUBJECT ADDED ENTRY--TOPICAL TERM
Topical term or geographic name entry element Ճարտարապետություն
General subdivision Եկեղեցիներ, տաճարներ
9 (RLIN) 5293
650 14 - SUBJECT ADDED ENTRY--TOPICAL TERM
Topical term or geographic name entry element Հայաստանի քաղաքներ
9 (RLIN) 5294
653 0# - INDEX TERM--UNCONTROLLED
Uncontrolled term Գիտաժողով-հանդիսություն
653 0# - INDEX TERM--UNCONTROLLED
Uncontrolled term Գիրք-բուկլետ
700 1# - ADDED ENTRY--PERSONAL NAME
Personal name Աշճյան, Մեսրոպ
Titles and other words associated with a name արքեպիսկոպոս,
Dates associated with a name 1941-2003
Relator term կազմ.
Relationship com
700 1# - ADDED ENTRY--PERSONAL NAME
Personal name Դալլաքյան, Վարդան
Relator term ձևավ.
Relationship ill
Holdings
Withdrawn status Lost status Damaged status Not for loan Collection Home library Current library Date acquired Total checkouts Full call number Barcode Date last seen Price effective from Koha item type Public note
        General Fundamental Scientific Library Fundamental Scientific Library 28/12/2016   AII/87304 FL0065470 28/12/2016 28/12/2016 Գրքեր / Books 30 Days Loan
        General Fundamental Scientific Library Fundamental Scientific Library 28/12/2016   AII/89736 220089736 28/12/2016 28/12/2016 Գրքեր / Books 30 Days Loan


ՀՀ ԳԱԱ հիմնարար գիտական գրադարան
ՀՀ,Երևան 0019
Մարշալ Բաղրամյան 24/6
հեռախոս:(374-10) 52-47-50
Հետադարձ կապ

All site content, except where otherwise noted, is licensed under a
Creative Commons License